Statistics for June 16th: Birthdays

Click here to take the quiz!

General Stats

  • This quiz has been taken 5 times
  • The average score is 3 of 11

Answer Stats

YearClueAnswer% Correct
1890Comedian in Laurel and Hardy filmsStan Laurel
100%
1723Known as ''The Father of Capitalism''Adam Smith
80%
1829Apache LeaderGeronimo
60%
1912Infamous for "Rivers of Blood" speechEnoch Powell
40%
19705-time PGA ChampionPhil Mickelson
20%
1874Canadian Prime MinisterArthur Meighen
0%
1987Singer on American IdolDiana DeGarmo
0%
1926President of GuatemalaEfraín Montt
0%
1882Prime Minister of IranMohammad Mosaddegh
0%
19514-weight World ChampionRoberto Durán
0%
1971Artist of JuiceTupac Shakur
0%

Score Distribution

Percentile by Number Answered

Percent of People with Each Score

Your Score History

You have not taken this quiz